Effectif Curaçao - Coupe du monde 2026 - Statistiques

Statistiques générales
  • Ce quiz a été pris 3 fois
  • Le résultat moyen est 11 sur 27
Statistiques - réponses
Poste Club Numéro Joueur % Correct
Attaquant Sheffield United 21 Tahith Chong
100%
Sélectionneur - - Dick Advocaat
67%
Milieu FC Volendam 7 Juninho Bacuna
67%
Milieu Igdir FK 10 Leandro Bacuna
67%
Milieu Rotherham United 15 Ar'jany Martha
33%
Défenseur PSV Eindhoven 18 Armando Obispo
33%
Attaquant FC Volendam 17 Brandley Kuwas
33%
Défenseur NEC Nijmegen 24 Deveron Fonville
33%
Gardien Miami FC 1 Eloy Room
33%
Attaquant Terengganu FC 19 Gervane Kastaneer
33%
Milieu RKC Waalwijk 6 Godfried Roemeratoe
33%
Attaquant SK Beveren 16 Jearl Margaritha
33%
Attaquant AE Kifisia 11 Jeremy Antonisse
33%
Défenseur Kayserispor 20 Joshua Brenet
33%
Attaquant Miami FC 9 Jürgen Locadia
33%
Défenseur Abha Club 3 Juriën Gaari
33%
Attaquant Maccabi Haifa 14 Kenji Gorré
33%
Milieu FC Den Bosch 22 Kevin Felida
33%
Milieu FC Zürich 8 Livano Comenencia
33%
Défenseur Konyaspor 23 Riechedly Bazoer
33%
Défenseur RKC Waalwijk 4 Roshon van Eijma
33%
Défenseur PEC Zwolle 5 Sherel Floranus
33%
Défenseur Sparta Rotterdam 2 Shurandy Sambo
33%
Attaquant Middlesbrough FC 12 Sontje Hansen
33%
Gardien VVV-Venlo 26 Trevor Doornbusch
33%
Milieu SC Telstar 13 Tyrese Noslin
33%
Gardien SC Telstar 25 Tyrick Bodak
33%
Aucun quiz correspondant
Distribution des résultats
% des personnes avec chaque résultat
Percentile par nombre de réponses
Votre historique - résultats
Vous n’avez pas pris ce quiz